| 000 | 01106cam a22003135i 4500 | ||
|---|---|---|---|
| 999 |
_c20816 _d20788 |
||
| 001 | 17479466 | ||
| 003 | EG-ScBUE | ||
| 005 | 20210112135821.0 | ||
| 008 | 120928s2014 nyu g 000 1 eng d | ||
| 020 | _a9781442474215 (pbk.) | ||
| 040 |
_aDLC _beng _erda _cDLC _dDLC _dEG-ScBUE |
||
| 082 | 0 | 4 |
_a813.54 _bRIL _222 |
| 100 | 1 |
_aRiley, James, _d1977- _eauthor. |
|
| 245 | 1 | 0 |
_aOnce upon the end / _cJames Riley. |
| 250 | _aFirst Aladdin paperback edition. | ||
| 264 | 1 |
_aNew York : _bAladdin, _c2014. |
|
| 300 |
_a373 pages ; _c22 cm. |
||
| 336 |
_atext _btxt _2rdacontent |
||
| 337 |
_aunmediated _bn _2rdamedia |
||
| 338 |
_avolume _bnc _2rdacarrier |
||
| 490 | 0 |
_aHalf upon a time series ; _vBook 3 |
|
| 520 | _a"Knights, fairy godmothers, giants and beanstalks--all of these and more fill the pages of the conclusion to the Half Upon a Time trilogy"-- | ||
| 650 | 7 |
_aFairy tales. _2BUEsh |
|
| 650 | 7 |
_aCharacters in literature _vFiction. _2BUEsh |
|
| 650 | 7 |
_aAdventure and adventurers _vFiction _2BUEsh _934022 |
|
| 651 | _2BUEsh | ||
| 653 |
_bHHUUEENN _cSeptember2015 _cNovember2015 |
||
| 942 |
_2ddc _cBB |
||